[Event "FIDE Grand Swiss 2019"]
[Site "Douglas"]
[Date "17.10.2019"]
[Round "7.11"]
[White "McShane, Luke J"]
[Black "Kovalev, Vladislav"]
[Result "1/2-1/2"]
[WhiteTitle "GM"]
[BlackTitle "GM"]
[WhiteElo "2682"]
[BlackElo "2661"]
[WhiteFideId "404853"]
[BlackFideId "13504398"]
[EventDate "2019.10.10"]

1. c4 Nf6 2. g3 e6 3. Bg2 d5 4. Nf3 Be7 5. O-O O-O 6. b3 b6 7. Bb2 Bb7 8. e3 c5
9. Nc3 dxc4 10. bxc4 Nc6 11. Qe2 Qc7 12. Rac1 a6 13. Rfd1 Na5 14. d3 Rfd8 15. h3
Rab8 16. g4 Ne8 17. a4 Bc6 18. Ne1 Bf6 19. Ra1 Rd7 20. f4 Bxg2 21. Kxg2 Nc6 22.
g5 Be7 23. Nf3 Nd6 24. h4 Qb7 25. Rab1 Rbd8 26. Kf2 Nf5 27. Rd2 Nb4 28. Rbd1 f6
29. Ne4 Nxd3+ 30. Rxd3 Rxd3 31. Nxf6+ Bxf6 32. Rxd3 Qe4 33. Rxd8+ Bxd8 34. Be5
Be7 35. h5 Kf8 36. Qd2 Qxc4 37. Qd7 Qa2+ 38. Kg1 Qd5 39. Qc8+ Qd8 40. Qxe6 Qd1+
41. Kf2 Qc2+ 42. Kg1 Qd1+ 43. Kf2 Qc2+ 1/2-1/2

[Event "FIDE Grand Swiss 2019"]
[Site "Douglas"]
[Date "17.10.2019"]
[Round "7.21"]
[White "Lupulescu, Constantin"]
[Black "Howell, David W L"]
[Result "1/2-1/2"]
[WhiteTitle "GM"]
[BlackTitle "GM"]
[WhiteElo "2643"]
[BlackElo "2694"]
[WhiteFideId "1207822"]
[BlackFideId "410608"]
[EventDate "2019.10.10"]

1. Nf3 Nf6 2. c4 c5 3. d4 cxd4 4. Nxd4 Nc6 5. Nc3 e6 6. g3 Qb6 7. Ndb5 Ne5 8.
Bg2 a6 9. Qa4 Rb8 10. Na3 Be7 11. O-O O-O 12. Bf4 d6 13. b4 Qc7 14. Rac1 Ng6 15.
Be3 b6 16. Qb3 Bb7 17. f3 Rfc8 18. Rfd1 Ne5 19. Na4 Ned7 20. Kh1 Ba8 21. Rc2 h6
22. Bf4 Nh5 23. Bd2 Qd8 24. Nc3 Qf8 25. e4 Rc7 26. Be3 Nhf6 27. Rdc1 d5 28. cxd5
Bxb4 29. Nab1 exd5 30. exd5 Re8 31. Bg1 Bc5 32. Rd2 Bxg1 33. Rxg1 b5 34. Ne4
Nxe4 35. fxe4 Qc5 36. h3 Nf6 37. Qd3 Qc4 38. d6 Qxd3 39. Rxd3 Rd7 40. Nd2 Nxe4
41. Nxe4 Bxe4 42. Rd4 Bxg2+ 43. Kxg2 Re6 44. Rgd1 Rf6 45. g4 Kf8 46. h4 Ke8 47.
Kg3 Kd8 48. g5 hxg5 49. hxg5 Re6 50. Kg4 g6 51. R1d2 Kc8 52. R4d3 Kb7 53. Kf4
Kc6 54. Rc2+ Kb6 55. Rcd2 Kc5 56. Rc2+ Kb6 57. Rcd2 Re1 58. Rc2 Re8 59. a3 Re6
60. Rcd2 Kc5 61. Rc2+ Kb6 62. Rcd2 Re8 63. Rc2 Re1 64. Kf3 Re5 65. Kf4 Rf5+ 66.
Kg4 Rc5 67. Rcd2 Kc6 68. Kf4 Rf5+ 69. Kg4 Rc5 70. Kf4 Rf5+ 71. Kg4 a5 72. Rd1
Rc5 73. Kf4 Rf5+ 74. Kg4 b4 75. axb4 axb4 76. Rd4 Kc5 77. R4d2 Kb5 78. Rb1 Rc5
79. Kf4 Rf5+ 80. Kg4 Rc5 81. Kf4 Rc4+ 82. Ke5 Kc6 83. Rd3 Rc5+ 84. Kf4 Rf5+ 85.
Kg4 Rb5 86. Rbd1 Rc5 87. Kf4 Kb5 88. Rd4 Rf5+ 89. Kg4 Rc5 90. Kf4 b3 91. R1d3
Rf5+ 92. Kg4 Kc5 93. Ra4 b2 94. Rb3 Rf2 95. Rab4 Rg2+ 96. Kf4 Rf2+ 97. Kg4 Rxd6
98. Rxb2 Rxb2 99. Rxb2 Rd4+ 100. Kg3 Kd6 101. Rf2 Ke6 102. Rf6+ Ke7 103. Rf1 Ra4
104. Re1+ Kd6 105. Rf1 Ra3+ 106. Kg4 Ra4+ 107. Kg3 Ra7 108. Kg4 Ke7 109. Re1+
Kf8 110. Rf1 Kg7 111. Re1 Ra4+ 112. Kg3 f5 113. gxf6+ Kxf6 114. Re3 Kf5 115. Rb3
Rg4+ 116. Kf2 Rf4+ 117. Kg3 Kg5 118. Rb5+ Rf5 119. Rb3 Kh5 120. Ra3 g5 121. Ra8
Rf6 122. Rh8+ Rh6 123. Rg8 Ra6 124. Rh8+ Kg6 125. Rg8+ Kf5 126. Rf8+ Rf6 127.
Rg8 g4 128. Rxg4 Rg6 129. Rxg6 Kxg6 1/2-1/2

[Event "FIDE Grand Swiss 2019"]
[Site "Douglas"]
[Date "17.10.2019"]
[Round "7.22"]
[White "Grandelius, Nils"]
[Black "Lenderman, Aleksandr"]
[Result "1/2-1/2"]
[WhiteTitle "GM"]
[BlackTitle "GM"]
[WhiteElo "2691"]
[BlackElo "2648"]
[WhiteFideId "1710400"]
[BlackFideId "2021285"]
[EventDate "2019.10.10"]

1. e4 c6 2. Nf3 d5 3. Nc3 dxe4 4. Nxe4 Nf6 5. Qe2 Nxe4 6. Qxe4 Be6 7. b3 Nd7 8.
Bb2 Nf6 9. Qe3 Bf5 10. Nd4 Qd7 11. Bc4 Nd5 12. Bxd5 Qxd5 13. O-O e6 14. c4 Qe4
15. Nxf5 Qxf5 16. Rad1 Bc5 17. d4 Bb6 18. Rd3 O-O-O 19. Rfd1 Rd7 20. Qe5 Qxe5
21. dxe5 Rhd8 22. Rxd7 Rxd7 23. Rxd7 Kxd7 24. Kf1 h5 25. Ke2 g6 26. f3 Bg1 27.
h3 Bc5 28. Kd3 Be7 29. Bd4 a6 30. Bf2 Ke8 31. Ke4 Kd7 32. Be3 Ke8 33. Bh6 Kd7
34. Kf4 Ba3 35. Ke4 Be7 36. Bg7 Ba3 37. Bf6 Bc1 38. Kd4 Bb2+ 39. Kd3 Bc1 40. Kc2
Be3 41. Kc3 Bc1 42. Kd3 Ke8 43. Bh4 Kf8 44. Ke4 Bd2 45. Kd4 Ke8 46. Bf2 Bb4 47.
Bh4 Bd2 48. Ke4 Kd7 49. Bf6 Bc1 50. Kd3 Bf4 51. g4 hxg4 52. fxg4 g5 53. Bg7 Bg3
54. Ke3 Ke8 55. Kf3 Be1 56. Bh6 Bh4 57. Ke4 Kd7 58. Bf8 Be1 59. Bh6 Bh4 60. Bf8
Be1 61. Bh6 1/2-1/2

[Event "FIDE Grand Swiss 2019"]
[Site "Douglas"]
[Date "17.10.2019"]
[Round "7.23"]
[White "Sadhwani, Raunak"]
[Black "Sargissian, Gabriel"]
[Result "1/2-1/2"]
[WhiteTitle "IM"]
[BlackTitle "GM"]
[WhiteElo "2479"]
[BlackElo "2690"]
[WhiteFideId "35093487"]
[BlackFideId "13300881"]
[EventDate "2019.10.10"]

1. e4 e5 2. Nf3 Nc6 3. Bb5 a6 4. Ba4 Nf6 5. O-O Be7 6. Re1 b5 7. Bb3 O-O 8. c3
d5 9. exd5 Nxd5 10. Nxe5 Nxe5 11. Rxe5 c6 12. d3 Bd6 13. Re1 Bf5 14. Qf3 Qh4 15.
g3 Qh3 16. Be3 Bxd3 17. Nd2 Bf5 18. Bd4 Rfe8 19. Bxd5 cxd5 20. Qxd5 Bf8 21. Qg2
Qh6 22. f3 b4 23. Qf2 bxc3 24. bxc3 Qc6 25. Nb3 Be6 26. Re5 f6 27. Re3 Bd5 28.
Nd2 a5 29. c4 Bf7 30. Rxe8 Rxe8 31. c5 Rd8 32. Ne4 f5 33. Nd6 Bxd6 34. cxd6 Qxd6
35. Bb6 Rc8 36. Qd4 Qa3 37. Qe3 Qxe3+ 38. Bxe3 a4 39. a3 Rc3 40. Bd4 Rxf3 41.
Rc1 Be6 42. Rc3 Rxc3 43. Bxc3 1/2-1/2

[Event "FIDE Grand Swiss 2019"]
[Site "Douglas"]
[Date "17.10.2019"]
[Round "7.24"]
[White "Korobov, Anton"]
[Black "Mamedov, Rauf"]
[Result "1/2-1/2"]
[WhiteTitle "GM"]
[BlackTitle "GM"]
[WhiteElo "2679"]
[BlackElo "2645"]
[WhiteFideId "14105730"]
[BlackFideId "13401653"]
[EventDate "2019.10.10"]

1. d4 d5 2. c4 e6 3. Nc3 a6 4. cxd5 exd5 5. Nf3 c6 6. e4 dxe4 7. Ng5 Be7 8. Bc4
Bxg5 9. Qh5 Be7 10. Qxf7+ Kd7 11. Be6+ Kc7 12. Bf4+ Kb6 13. d5 Bxe6 14. Qxe6 Bg5
15. dxc6 Nxc6 16. Nd5+ Ka7 17. Bc7 Qf8 18. Bb6+ Kb8 19. Bc7+ Ka7 20. Bb6+ Kb8
21. Bc7+ Ka7 1/2-1/2

[Event "FIDE Grand Swiss 2019"]
[Site "Douglas"]
[Date "17.10.2019"]
[Round "7.25"]
[White "Sasikiran, Krishnan"]
[Black "Tari, Aryan"]
[Result "0-1"]
[WhiteTitle "GM"]
[BlackTitle "GM"]
[WhiteElo "2675"]
[BlackElo "2630"]
[WhiteFideId "5004985"]
[BlackFideId "1510045"]
[EventDate "2019.10.10"]

1. e4 e5 2. Nf3 Nc6 3. Bb5 a6 4. Ba4 Nf6 5. O-O Be7 6. Re1 b5 7. Bb3 d6 8. c3
O-O 9. h3 Bb7 10. d4 Re8 11. a4 h6 12. Nbd2 exd4 13. Nxd4 Nxd4 14. cxd4 c5 15.
Bc2 cxd4 16. Nb3 Bf8 17. Qxd4 Rc8 18. Bd3 Bxe4 19. Bd2 Bxd3 20. Qxd3 bxa4 21.
Rxa4 Rxe1+ 22. Bxe1 Qe8 23. Ra1 Rb8 24. Nd4 Rxb2 25. Bc3 Rb7 26. Qxa6 Qe4 27.
Qf1 d5 28. Nf3 Qf5 29. Bd4 Ne4 30. Ra8 Ng5 31. Nd2 Ne6 32. Ba1 Kh7 33. Rc8 Bc5
34. g4 Qc2 0-1

[Event "FIDE Grand Swiss 2019"]
[Site "Douglas"]
[Date "17.10.2019"]
[Round "7.26"]
[White "Cheparinov, Ivan"]
[Black "Sethuraman, S.P."]
[Result "1/2-1/2"]
[WhiteTitle "GM"]
[BlackTitle "GM"]
[WhiteElo "2670"]
[BlackElo "2624"]
[WhiteFideId "2905540"]
[BlackFideId "5021596"]
[EventDate "2019.10.10"]

1. d4 Nf6 2. c4 e6 3. Nf3 d5 4. Nc3 Bb4 5. cxd5 exd5 6. Bg5 h6 7. Bh4 O-O 8. e3
Bf5 9. Qb3 Bxc3+ 10. bxc3 Nbd7 11. Be2 c5 12. dxc5 Nxc5 13. Qb4 Rc8 14. O-O Re8
15. Rfd1 g5 16. Bg3 a5 17. Qa3 Nce4 18. c4 Qb6 19. Nd4 Nxg3 20. hxg3 Bg6 21.
Rac1 dxc4 22. Bxc4 Red8 23. Bd3 Ne4 24. Qe7 Qb4 25. Qxb4 axb4 26. Rxc8 Rxc8 27.
Bxe4 Bxe4 28. f3 Bg6 29. Rd2 f6 30. Kf2 Ra8 31. Rb2 Ra4 32. g4 Bf7 33. Nb3 Bxb3
34. axb3 Ra1 35. Ke2 Rc1 36. Kd3 Rc3+ 37. Ke4 Kf7 38. g3 Kg6 39. f4 gxf4 40.
gxf4 b6 41. f5+ Kg7 42. Rd2 Rxb3 43. Rd7+ Kg8 44. Rd6 Kf7 45. Rxb6 Ra3 46. Rb7+
Kg8 47. Rxb4 Ra5 48. Rb8+ Kg7 49. Rb7+ Kg8 50. Rd7 Re5+ 51. Kf4 Ra5 52. Rd3 Kg7
53. Rc3 Ra4+ 54. e4 Ra1 55. Rc7+ Kg8 56. Ke3 Rg1 57. Kd4 Rxg4 58. Kd5 h5 59. Ke6
Rxe4+ 60. Kxf6 h4 61. Rg7+ Kf8 62. Rh7 Kg8 63. Rg7+ Kf8 64. Rh7 Kg8 1/2-1/2

[Event "FIDE Grand Swiss 2019"]
[Site "Douglas"]
[Date "17.10.2019"]
[Round "7.27"]
[White "Najer, Evgeniy"]
[Black "Leko, Peter"]
[Result "1/2-1/2"]
[WhiteTitle "GM"]
[BlackTitle "GM"]
[WhiteElo "2635"]
[BlackElo "2670"]
[WhiteFideId "4118987"]
[BlackFideId "703303"]
[EventDate "2019.10.10"]

1. d4 Nf6 2. c4 e6 3. Nc3 Bb4 4. f3 d5 5. a3 Be7 6. e4 dxe4 7. fxe4 c5 8. e5
Nfd7 9. dxc5 Nxe5 10. Qxd8+ Bxd8 11. Be2 Nbd7 12. Be3 Bh4+ 13. Kd2 Be7 14. Ne4
Nf6 15. Nxf6+ Bxf6 16. Nf3 Bd7 17. Kc2 Ng4 18. Bd4 e5 19. h3 exd4 20. hxg4 Bxg4
21. Nxd4 Bxe2 22. Nxe2 O-O-O 23. Rae1 h5 24. Ng3 Rd4 25. Nxh5 Rxc4+ 26. Kb3 Rh4
27. Rxh4 Bxh4 28. Re5 g6 29. g3 Bd8 30. Nf4 Rh2 31. Re3 Bf6 32. Nd3 Kd7 33. Ne5+
Bxe5 34. Rxe5 Rg2 35. Rg5 a5 36. Kc3 a4 37. b3 axb3 38. Kxb3 Kc6 39. a4 Re2 40.
Kb4 Re4+ 41. Kb3 Rd4 42. Ka3 Rd5 43. Rg4 Kxc5 44. Re4 Rd3+ 45. Kb2 b6 46. Re7 f5
47. Re5+ Kd6 48. Rb5 Kc6 49. g4 f4 50. Kc2 Rd6 51. Rb4 g5 52. Rb5 Rd5 53. Rb4
Kb7 54. Re4 Ka6 55. Re8 Kb7 56. Re6 Rc5+ 57. Kd3 Ka6 58. Re8 Rd5+ 59. Kc4 Rd1
60. Re5 f3 61. Rf5 Rg1 62. Rxf3 Rxg4+ 63. Kb3 Rf4 64. Re3 Rf6 65. Rg3 Rg6 66.
Rg4 Kb7 67. Kc4 Kc6 68. Kd3 Rd6+ 69. Kc4 Rd5 70. Re4 Rc5+ 71. Kd3 Ra5 72. Re6+
Kb7 73. Rg6 Rc5 74. Rg8 Ka6 75. Ra8+ Kb7 76. Rg8 Ra5 77. Kc3 Rf5 78. Kb4 Ka7 79.
Kc4 Ka6 80. Ra8+ 1/2-1/2

[Event "FIDE Grand Swiss 2019"]
[Site "Douglas"]
[Date "17.10.2019"]
[Round "7.28"]
[White "Robson, Ray"]
[Black "Kuzubov, Yuriy"]
[Result "1-0"]
[WhiteTitle "GM"]
[BlackTitle "GM"]
[WhiteElo "2670"]
[BlackElo "2636"]
[WhiteFideId "2023970"]
[BlackFideId "14112906"]
[EventDate "2019.10.10"]

1. e4 e5 2. Nf3 Nf6 3. Nxe5 d6 4. Nf3 Nxe4 5. d4 d5 6. Bd3 Be7 7. O-O Bf5 8. Nc3
O-O 9. Ne5 Nxc3 10. bxc3 Bxd3 11. cxd3 Nd7 12. Rb1 Rb8 13. Ng4 f5 14. Ne3 c6 15.
g3 f4 16. Ng2 fxg3 17. Bf4 gxh2+ 18. Bxh2 Ra8 19. Rxb7 Rf7 20. Qg4 Nf8 21. Rfb1
Qa5 22. Ne3 h5 23. Qxh5 Qxc3 24. Bd6 g6 25. Qh2 Bxd6 26. Qxd6 Rxb7 27. Rxb7 Qxd4
28. Qe7 Rc8 29. Kg2 c5 30. f3 Kh8 31. Ng4 Qc3 32. Qh4+ 1-0

[Event "FIDE Grand Swiss 2019"]
[Site "Douglas"]
[Date "17.10.2019"]
[Round "7.29"]
[White "Abasov, Nijat"]
[Black "Saric, Ivan"]
[Result "1/2-1/2"]
[WhiteTitle "GM"]
[BlackTitle "GM"]
[WhiteElo "2632"]
[BlackElo "2667"]
[WhiteFideId "13402960"]
[BlackFideId "14508150"]
[EventDate "2019.10.10"]

1. d4 Nf6 2. Nf3 g6 3. c4 Bg7 4. e3 c5 5. dxc5 Ne4 6. Be2 Nc6 7. O-O Nxc5 8. Nd4
O-O 9. Nc3 d6 10. b3 Ne6 11. Nxe6 Bxe6 12. Bb2 Qa5 13. Qc1 Rac8 14. Rd1 Ne5 15.
Nd5 Bxd5 16. Rxd5 Qc7 17. Rd1 Nd7 18. Bxg7 Kxg7 19. Qb2+ Kg8 20. Bg4 Rfd8 21. e4
Rb8 22. Bxd7 Qxd7 23. e5 Qc7 24. Qa3 dxe5 25. Qxa7 Ra8 26. Rxd8+ Qxd8 27. Qxb7
Rxa2 28. Rf1 Qd4 29. Qxe7 Ra1 30. g3 Rxf1+ 31. Kxf1 Qd3+ 32. Kg1 Qb1+ 33. Kg2
Qe4+ 1/2-1/2

[Event "FIDE Grand Swiss 2019"]
[Site "Douglas"]
[Date "17.10.2019"]
[Round "7.30"]
[White "Abdusattorov, Nodirbek"]
[Black "Eljanov, Pavel"]
[Result "1/2-1/2"]
[WhiteTitle "GM"]
[BlackTitle "GM"]
[WhiteElo "2608"]
[BlackElo "2663"]
[WhiteFideId "14204118"]
[BlackFideId "14102951"]
[EventDate "2019.10.10"]

1. e4 e5 2. Nf3 Nc6 3. Bb5 a6 4. Ba4 Nf6 5. O-O Be7 6. Re1 b5 7. Bb3 d6 8. c3
O-O 9. h3 Bb7 10. d4 Re8 11. Nbd2 Bf8 12. a3 h6 13. Bc2 Nb8 14. b3 Nbd7 15. Bb2
Nb6 16. Bd3 Nfd7 17. Qc2 c6 18. c4 bxc4 19. bxc4 exd4 20. Bxd4 c5 21. Bc3 Bc6
22. Ba5 Rb8 23. a4 Rb7 24. Nf1 Ne5 25. Nxe5 Rxe5 26. Reb1 Qb8 27. Ne3 Re8 28.
Nd5 Nd7 29. f4 g6 30. e5 dxe5 31. Bxg6 Bxd5 32. cxd5 Rxb1+ 33. Rxb1 Qd6 34. Bh7+
Kh8 35. Bc3 Bg7 36. Bf5 exf4 37. Bxd7 Qxd7 38. Rb6 Bxc3 39. Qxc3+ Kh7 40. Qxc5
Qxa4 41. Kh2 Qe4 42. Qd6 Qe5 43. Qxh6+ Kg8 44. Qf6 a5 45. Qxe5 Rxe5 46. d6 Rd5
47. h4 Rd3 48. Ra6 Kg7 49. Rxa5 Rxd6 50. Rg5+ Rg6 51. Kh3 Rxg5 52. hxg5 f5 53.
gxf6+ Kxf6 54. Kg4 Ke5 55. g3 fxg3 56. Kxg3 1/2-1/2

[Event "FIDE Grand Swiss 2019"]
[Site "Douglas"]
[Date "17.10.2019"]
[Round "7.31"]
[White "Dreev, Aleksey"]
[Black "Deac, Bogdan-Daniel"]
[Result "1-0"]
[WhiteTitle "GM"]
[BlackTitle "GM"]
[WhiteElo "2662"]
[BlackElo "2613"]
[WhiteFideId "4100107"]
[BlackFideId "1226380"]
[EventDate "2019.10.10"]

1. d4 Nf6 2. Nf3 g6 3. g3 Bg7 4. Bg2 O-O 5. O-O d5 6. c4 dxc4 7. Na3 c5 8. dxc5
c3 9. Nd4 Nd5 10. Nab5 Nc7 11. bxc3 Nxb5 12. Nxb5 Qa5 13. Rb1 a6 14. Nd4 Qxa2
15. Bg5 e5 16. c6 bxc6 17. Nxc6 Nxc6 18. Bxc6 Bh3 19. Bxa8 Rxa8 20. Re1 Be6 21.
Qd3 a5 22. Red1 h6 23. Ra1 Qb3 24. Be3 Qb7 25. Rxa5 Rxa5 26. Qd8+ Kh7 27. Qxa5
Qb2 28. Re1 e4 29. Qb4 Qc2 30. c4 Qxc4 31. Qxc4 Bxc4 32. Kf1 g5 33. Rd1 Kg6 34.
Rd6+ Be6 35. Bd4 Bf8 36. Rd8 Be7 37. Rg8+ Kf5 38. Kg2 Bc4 39. Re8 Bd6 40. Kf1
Be6 41. Rh8 Kg6 42. Ke1 Bb4+ 43. Kd1 h5 44. Kc2 f5 45. Rb8 Be7 46. Rb6 Kf7 47.
Rb7 Ke8 48. Kc3 h4 49. gxh4 gxh4 50. Be5 Bf7 51. Kd4 Bh5 52. e3 Bf7 53. Rb6 Bd8
54. Ra6 Kd7 55. Bf6 Bc7 56. Bxh4 Bxh2 57. Bg3 1-0

[Event "FIDE Grand Swiss 2019"]
[Site "Douglas"]
[Date "17.10.2019"]
[Round "7.32"]
[White "Rakhmanov, Aleksandr"]
[Black "Sjugirov, Sanan"]
[Result "1/2-1/2"]
[WhiteTitle "GM"]
[BlackTitle "GM"]
[WhiteElo "2621"]
[BlackElo "2662"]
[WhiteFideId "4173708"]
[BlackFideId "4189302"]
[EventDate "2019.10.10"]

1. Nf3 d5 2. g3 Nf6 3. Bg2 c6 4. d4 Bf5 5. c4 e6 6. Nc3 h6 7. Qb3 Qb6 8. c5 Qxb3
9. axb3 Be7 10. O-O O-O 11. b4 a6 12. Ne5 Nbd7 13. f4 Rad8 14. h3 Nxe5 15. fxe5
Ne4 16. g4 Bg6 17. Bf4 f5 18. Nxe4 fxe4 19. Bd2 Bh4 20. Rxf8+ Rxf8 21. Rf1 Rf7
22. Rxf7 Kxf7 23. Kf1 h5 24. e3 Bh7 25. gxh5 Bf5 26. Kg1 Kg8 27. Bf1 Kh7 28. Kg2
Kh6 29. Be2 Kg5 30. Bc3 Kh6 31. Bd2 1/2-1/2

[Event "FIDE Grand Swiss 2019"]
[Site "Douglas"]
[Date "17.10.2019"]
[Round "7.33"]
[White "Harikrishna, Pentala"]
[Black "Puranik, Abhimanyu"]
[Result "1/2-1/2"]
[WhiteTitle "GM"]
[BlackTitle "GM"]
[WhiteElo "2748"]
[BlackElo "2571"]
[WhiteFideId "5007003"]
[BlackFideId "5061245"]
[EventDate "2019.10.10"]

1. Nf3 Nf6 2. c4 c5 3. Nc3 d5 4. cxd5 Nxd5 5. g3 Nc6 6. Bg2 Nc7 7. O-O g6 8. d3
Bg7 9. Be3 b6 10. a4 O-O 11. Nd2 Bd7 12. Nc4 Rb8 13. Nb5 a6 14. Nxc7 Qxc7 15.
Bf4 e5 16. Bd2 Be6 17. a5 b5 18. Nb6 Rfd8 19. Rc1 Nd4 20. Bg5 Rd6 21. Be3 Nb3
22. Bxc5 Nxc1 23. Qxc1 Rdd8 24. Qe3 f5 25. d4 Bf7 26. d5 e4 27. Rd1 Bxb2 28. d6
Qc6 29. d7 Be5 30. Be7 Bc7 31. Bxd8 Rxd8 32. f3 b4 33. fxe4 fxe4 34. Bxe4 Qe6
35. Qd4 b3 36. Bd5 Bxb6 37. axb6 Qxd5 38. Qxd5 Bxd5 39. Rxd5 b2 40. Rd1 Rxd7 41.
Rb1 Rb7 42. Rxb2 Kf7 43. Kf2 Ke6 44. e4 Kd6 45. Ke3 Kc5 46. Rc2+ Kd6 47. Rd2+
Kc5 48. Kf4 Rxb6 49. Rd7 h5 50. e5 Rb4+ 51. Kg5 Rb6 52. Rg7 Kd5 53. Kf4 Rb4+ 54.
Kf3 Rb3+ 55. Kf4 Rb4+ 56. Kf3 Rb3+ 1/2-1/2

[Event "FIDE Grand Swiss 2019"]
[Site "Douglas"]
[Date "17.10.2019"]
[Round "7.34"]
[White "Shankland, Sam"]
[Black "Mareco, Sandro"]
[Result "1/2-1/2"]
[WhiteTitle "GM"]
[BlackTitle "GM"]
[WhiteElo "2705"]
[BlackElo "2634"]
[WhiteFideId "2004887"]
[BlackFideId "112275"]
[EventDate "2019.10.10"]

1. e4 e5 2. Nf3 Nc6 3. Bb5 a6 4. Ba4 Nf6 5. O-O b5 6. Bb3 Bb7 7. d3 Be7 8. c4
O-O 9. Nc3 bxc4 10. Bxc4 d6 11. a3 Na5 12. Ba2 c5 13. b4 cxb4 14. axb4 Nc6 15.
Nd5 Rb8 16. Bd2 Na7 17. Qa4 Nb5 18. Rfc1 Nxd5 19. Bxd5 Bxd5 20. exd5 f5 21. Rc4
Bf6 22. Rac1 Ra8 23. Be3 Qe8 24. Qa2 Qf7 25. Rc6 h6 26. h3 Kh7 27. Kh1 Rfe8 28.
Nd2 Re7 29. Rb6 Ree8 30. Rxa6 Rxa6 31. Qxa6 Qxd5 32. Qc6 Qxc6 33. Rxc6 Ra8 34.
Rb6 Ra1+ 35. Kh2 Nc3 36. Rxd6 Rd1 37. Nc4 e4 38. g3 Rxd3 39. Rxd3 exd3 40. Nb2
d2 41. Bxd2 Ne4 42. Bc1 Nxf2 43. b5 Ne4 44. Nc4 Bd8 45. Kg2 g5 46. b6 Nc5 47.
Kf3 Kg6 48. Be3 Nd7 49. b7 Bc7 50. Bd4 Kf7 51. Nb6 Nb8 52. Nd5 Bd6 53. Ne3 Ke6
54. g4 fxg4+ 55. Kxg4 Nc6 56. Bb6 Kd7 57. Nc4 Bh2 58. Kh5 Nd8 59. Bg1 Bf4 60.
Na5 Kc7 1/2-1/2

[Event "FIDE Grand Swiss 2019"]
[Site "Douglas"]
[Date "17.10.2019"]
[Round "7.35"]
[White "Vallejo Pons, Francisco"]
[Black "Alekseev, Evgeny"]
[Result "1/2-1/2"]
[WhiteTitle "GM"]
[BlackTitle "GM"]
[WhiteElo "2694"]
[BlackElo "2629"]
[WhiteFideId "2205530"]
[BlackFideId "4138147"]
[EventDate "2019.10.10"]

1. Nf3 c5 2. e4 e6 3. d4 cxd4 4. Nxd4 Nc6 5. Nc3 a6 6. Bf4 d6 7. Nxc6 bxc6 8.
Qd2 d5 9. O-O-O Nf6 10. g4 Bb4 11. Bg2 O-O 12. g5 Nd7 13. a3 Ba5 14. h4 Bb7 15.
Bd6 Re8 16. Rh3 Nb6 17. Bc5 Na4 18. Bb4 Bxb4 19. axb4 Nb6 20. f4 Qd6 21. Qf2 Nd7
22. exd5 exd5 23. Qd4 Nf8 24. f5 Rab8 25. Rf3 Bc8 26. Rf4 Qe5 27. Qxe5 Rxe5 28.
Rdf1 Rb7 29. Na4 g6 30. Nc5 Ra7 31. fxg6 hxg6 32. Kd2 Bf5 33. Ra1 Bxc2 34. Bf1
Bf5 35. Rxa6 Rc7 36. Bd3 Ne6 37. Nxe6 Bxe6 38. Ra5 Rb7 39. Rc5 Bd7 40. Rd4 Kf8
41. b5 cxb5 42. Rdxd5 Rxd5 43. Rxd5 Ke7 44. b4 Ke6 45. Rc5 Rb8 1/2-1/2

[Event "FIDE Grand Swiss 2019"]
[Site "Douglas"]
[Date "17.10.2019"]
[Round "7.36"]
[White "Vocaturo, Daniele"]
[Black "Inarkiev, Ernesto"]
[Result "1/2-1/2"]
[WhiteTitle "GM"]
[BlackTitle "GM"]
[WhiteElo "2620"]
[BlackElo "2693"]
[WhiteFideId "813192"]
[BlackFideId "4162722"]
[EventDate "2019.10.10"]

1. e4 c5 2. Nf3 d6 3. d4 cxd4 4. Nxd4 Nf6 5. Nc3 a6 6. h3 e6 7. g4 h6 8. a3 b5
9. Bg2 Bb7 10. Qe2 Nbd7 11. Bd2 Rc8 12. O-O-O g5 13. h4 Rg8 14. hxg5 hxg5 15.
Rh3 Qc7 16. Rg3 Ne5 17. Kb1 Qc4 18. Qxc4 Rxc4 19. Nb3 Bxe4 20. Na5 Bxg2 21. Nxc4
Bf3 22. Nxe5 Bxd1 23. Nxf7 Bxc2+ 24. Kxc2 Kxf7 25. f3 d5 26. Rh3 Kg6 27. Ne2 Bg7
28. Nd4 Re8 29. Kd3 Nd7 30. Rh5 Bf6 31. Bc3 Nc5+ 32. Kd2 Rc8 33. Rh2 Be5 34. Re2
Bf4+ 35. Kd1 e5 36. Nf5 Rh8 37. b4 d4 38. bxc5 dxc3 39. Kc2 Kf6 40. Kxc3 Ke6 41.
Kb4 Kd7 42. Rc2 Re8 43. Nd6 Rd8 44. Nb7 Rc8 45. Nd6 Rf8 46. Nf5 Re8 47. Nd6 Rd8
48. Nb7 Rc8 49. Nd6 Rh8 50. Nf5 Re8 1/2-1/2

[Event "FIDE Grand Swiss 2019"]
[Site "Douglas"]
[Date "17.10.2019"]
[Round "7.39"]
[White "Ponomariov, Ruslan"]
[Black "Van Foreest, Jorden"]
[Result "1/2-1/2"]
[WhiteTitle "GM"]
[BlackTitle "GM"]
[WhiteElo "2675"]
[BlackElo "2621"]
[WhiteFideId "14103320"]
[BlackFideId "1039784"]
[EventDate "2019.10.10"]

1. e4 c5 2. Nf3 d6 3. d4 cxd4 4. Nxd4 Nf6 5. Nc3 a6 6. Be3 e5 7. Nb3 Be7 8. f3
Be6 9. Qd2 h5 10. Be2 Nbd7 11. Nd5 Bxd5 12. exd5 Qc7 13. c4 a5 14. Rc1 O-O 15.
O-O g6 16. Na1 Bd8 17. Nc2 Qb8 18. Na3 Bb6 19. Bxb6 Nxb6 20. Nb5 Nbd7 21. f4 Ne4
22. Qe3 f5 23. fxe5 Nxe5 24. Bf3 Nc5 25. b3 Qd8 26. a3 Re8 27. Qc3 a4 28. b4
Ncd3 29. Rc2 Rc8 30. Qd4 Ne1 31. Rxe1 Nxf3+ 32. gxf3 Rxe1+ 33. Kf2 Re8 34. c5
dxc5 35. bxc5 Qe7 36. Qc4 Qe3+ 37. Kg2 Qg5+ 38. Kf2 Qe3+ 39. Kg2 h4 40. d6+ Kg7
41. Qxh4 Rxc5 42. Rxc5 Qxc5 43. d7 Qxb5 44. dxe8=N+ Qxe8 45. Qd4+ Kf7 46. Qd5+
Kf6 47. Qxb7 Qe2+ 48. Kg3 f4+ 49. Kxf4 Qxh2+ 50. Ke3 Qe5+ 51. Qe4 Qc3+ 52. Qd3
Qxd3+ 53. Kxd3 Ke5 54. Ke3 g5 55. Kd3 Kd5 56. Kc3 Kc5 57. Kd3 Kd5 58. Kc3 Kc5
59. Kd3 Kd5 1/2-1/2

[Event "FIDE Grand Swiss 2019"]
[Site "Douglas"]
[Date "17.10.2019"]
[Round "7.40"]
[White "Nihal, Sarin"]
[Black "Bacrot, Etienne"]
[Result "1/2-1/2"]
[WhiteTitle "GM"]
[BlackTitle "GM"]
[WhiteElo "2610"]
[BlackElo "2671"]
[WhiteFideId "25092340"]
[BlackFideId "605506"]
[EventDate "2019.10.10"]

1. e4 e5 2. Nf3 Nf6 3. d4 Nxe4 4. Bd3 d5 5. Nxe5 Nd7 6. Nxd7 Bxd7 7. O-O Bd6 8.
Nc3 Nxc3 9. bxc3 O-O 10. Qh5 f5 11. Re1 c6 12. Bg5 Qc7 13. Re3 g6 14. Qh4 Rae8
15. Rae1 Rxe3 16. Rxe3 Rf7 17. c4 b6 18. h3 Qb8 19. c3 Bh2+ 20. Kh1 Bd6 21. Kg1
Bh2+ 22. Kh1 Bd6 23. a4 Qc7 24. Bf6 Qc8 25. Be5 Be7 26. Qf4 Be6 27. cxd5 Bxd5
28. c4 Be4 29. Bxe4 fxe4 30. Qxe4 Rxf2 31. d5 Bc5 32. Re1 Qf8 33. dxc6 Rf1+ 34.
Rxf1 Qxf1+ 35. Kh2 Qg1+ 36. Kg3 Qf2+ 37. Kh2 Qg1+ 38. Kg3 Qf2+ 39. Kh2 1/2-1/2